List of Research Universities in the United States (R2) 2025 Edition - Statistics

General Stats
  • This quiz has been taken 5 times
  • The average score is 31 of 124
Answer Stats
State School % Correct
IN Ball State University
60%
ID Boise State University
60%
OH Bowling Green State University
60%
WI Marquette University
60%
IL Northern Illinois University
60%
MI Oakland University
60%
OR Portland State University
60%
LA Southern University
60%
SD University of South Dakota
60%
TX Abilene Christian University
40%
NC Appalachian State University
40%
AR Arkansas State University
40%
GA Augusta University
40%
CA California State University, Fresno
40%
CA California State University, Sacramento
40%
MI Central Michigan University
40%
OH Cleveland State University
40%
NE Creighton University
40%
NY CUNY City College
40%
NY CUNY Hunter College
40%
DE Delaware State University
40%
MI Eastern Michigan University
40%
TN East Tennessee State University
40%
TX East Texas A&M University
40%
FL Florida Institute of Technology
40%
GA Georgia Southern University
40%
VA Hampton University
40%
ID Idaho State University
40%
IL Illinois State University
40%
MS Jackson State University
40%
WV Marshall University
40%
OH Miami University
40%
TN Middle Tennessee State University
40%
CA Pepperdine University
40%
TX Prairie View A&M University
40%
NJ Rutgers University - Camden
40%
NJ Rutgers University - Newark
40%
CA San Jose State University
40%
NJ Seton Hall University
40%
SD South Dakota State University
40%
OH University of Akron
40%
AL University of Alabama, Huntsville
40%
AK University of Alaska Fairbanks
40%
AR University of Arkansas at Little Rock
40%
MA University of Massachusetts Dartmouth
40%
NE University of Nebraska Omaha
40%
NC University of North Carolina at Greensboro
40%
NC University of North Carolina Wilmington
40%
CO University of Northern Colorado
40%
FL University of North Florida
40%
OK University of Tulsa
40%
MI Western Michigan University
40%
KS Wichita State University
40%
OH Wright State University
40%
CA California State Polytechnic University, Pomona
20%
CA California State University, Fullerton
20%
CA California State University, Los Angeles
20%
CA Chapman University
20%
CA Claremont Graduate University
20%
GA Clark Atlanta University
20%
NY Clarkson University
20%
MA Clark University
20%
IL DePaul University
20%
FL Embry-Riddle Aeronautical University, Daytona Beach
20%
NY Fordham University
20%
NY Hofstra University
20%
IL Illinois Institute of Technology
20%
NJ Kean University
20%
TX Lamar University
20%
NY Long Island University
20%
LA Louisiana Tech University
20%
CA Loyola Marymount University
20%
GA Mercer University
20%
MD Morgan State University
20%
NJ Rowan University
20%
TX Sam Houston State University
20%
CA San Francisco State University
20%
SC South Carolina State University
20%
CT Southern Connecticut State University
20%
TX Texas A&M University - Corpus Christi
20%
TX Texas Christian University
20%
TX Texas State University
20%
CO University of Colorado, Colorado Springs
20%
MI University of Michigan - Dearborn
20%
MO University of Missouri - St. Louis
20%
ME University of New England
20%
LA University of New Orleans
20%
CA University of San Diego
20%
AL University of South Alabama
20%
TX University of Texas at Tyler
20%
TX University of Texas Rio Grande Valley
20%
PA Villanova University
20%
PA West Chester University of Pennsylvania
20%
CA Azusa Pacific University
0%
CA California State University, Long Beach
0%
PA Duquesne University
0%
FL Florida A&M University
0%
PA Indiana University of Pennsylvania
0%
VA James Madison University
0%
GA Kennesaw State University
0%
CA Loma Linda University
0%
NJ Montclair State University
0%
NC North Carolina A&T State University
0%
NY Rochester Institute of Technology
0%
NY Rockefeller University
0%
IL Rush University
0%
PA Saint Joseph’s University
0%
NJ Steven’s Institute of Technology
0%
NY SUNY College of Environmental Science and Forestry
0%
TX Tarleton State University
0%
TN Tennessee State University
0%
TN Tennessee Tech University
0%
TX Texas A&M University - Kingsville
0%
TX Texas Southern University
0%
TX Texas Women’s University
0%
NY The New School
0%
PA Thomas Jefferson University
0%
PR University of Puerto Rico, Mayaguez
0%
PR University of Puerto Rico, Rio Piedras
0%
CA University of San Francisco
0%
FL University of West Florida
0%
VA Virginia State University
0%
NC Wake Forest University
0%
NY Yeshiva University
0%
No matching quizzes found
Score Distribution
Percent of People with Each Score
Percentile by Number Answered
Your Score History
You have not taken this quiz